Screen Actors Guild Award for Outstanding Performance by a Female Actor in a Leading Role - Statistics

General Stats
  • This quiz has been taken 33 times
  • The average score is 13 of 23
Answer Stats
Year Actress % Correct
2008 Meryl Streep
87%
2016 Emma Stone
83%
2000 Julia Roberts
74%
2003 Charlize Theron
70%
2001 Halle Berry
70%
2004 Hilary Swank
70%
2015 Brie Larson
65%
2013 Cate Blanchett
65%
2009 Sandra Bullock
65%
2012 Jennifer Lawrence
61%
2014 Julianne Moore
61%
2006 Helen Mirren
57%
1996 Frances McDormand
52%
1998 Gwyneth Paltrow
52%
2010 Natalie Portman
52%
2005 Reese Witherspoon
52%
1999 Annette Bening
48%
2011 Viola Davis
48%
1994 Jodie Foster
43%
1997 Helen Hunt
39%
2002 Renée Zellweger
39%
1995 Susan Sarandon
39%
2007 Julie Christie
30%
No matching quizzes found
Score Distribution
Percent of People with Each Score
Percentile by Number Answered
Your Score History
You have not taken this quiz